000
00292nam a22001337a 4500
008
170602b xxu||||| |||| 00| 0 eng d
020
_a
0671621300
041
_a
eng
080
_a
94
100
_a
17
101
_a
SHH
245
_a
THE TIMETABLES OF SCIENCE
_c
HELLEMANS,A
942
_2
udc
_c
BK
999
_c
15600
_d
15600